1 Billion streams club : Olivia Rodrigo - Statistics

General Stats
  • This quiz has been taken 76 times
    41 since last reset
  • The average score is 8 of 9
Answer Stats
Album Song Streams % Correct
GUTS vampire 1.6B
100%
SOUR drivers license 2.8B
97%
SOUR deja vu 2.2B
94%
SOUR good 4 u 2.6B
94%
SOUR traitor 2.3B
91%
SOUR jealousy, jealousy 1.2B
82%
High School Musical :The Musical : The Series All I Want 1.1B
79%
SOUR favorite crime 1.5B
79%
SOUR happier 1.6B
76%
No matching quizzes found
Score Distribution
Percent of People with Each Score
Percentile by Number Answered
Your Score History
You have not taken this quiz since the last reset